01149nab a22002297a 4500999001500000003000400015005001700019008004100036040000700077100003000084245020700114260007200321300001300393500003900406505013600445505008900581650002600670650003000696650003700726773014300763942001300906 c5967d5967OSt20260114141518.0190605e xxu||||| |||| 00| 0 spa d cPJ 95208aGarcía, José A.13aLa presunción del art. 23 de la LCT modificada por la ley 27.742. ¿Cómo opera la presunción del art. 23 de la LCT luego de la modificación introducida por la ley 27.742? /cJosé A. García.  aCiudad Autónoma de Buenos Aires :bThomson Reuters La Ley,c2024. ap. 81-88 aCita: TR LALEY AR/DOC/2621/2024.  aSumario: I. Introducción.— II. El art. 23 de la LCT modificado por la ley 27.742.— III. Conclusión.— IV. Bibliografía.  t¿Te interesa el texto completo? Solicitalo al correo: koha@justierradelfuego.gov.ar 091316aDERECHO LABORAL 091323aCONTRATO DE TRABAJO 091383aLEY DE CONTRATO DE TRABAJO0 0271193168dCiudad Autónoma de Buenos Aires : Thomson Reuters La Ley, 1999-2002.tRevista de derecho del trabajo. Nº 6 - Noviembre 2024 2udccANA